Κατάλογος Βιβλιοθηκών Mediterranean College

Fashionpedia: (Record no. 9960)

MARC details
000 -LEADER
fixed length control field 01153nam a22001937a 4500
005 - ΗΜΕΡΟΜΗΝΙΑ ΚΑΙ ΩΡΑ ΤΕΛΕΥΤΑΙΑΣ ΕΝΗΜΕΡΩΣΗΣ
Πεδίο ελέγχου 20251121161532.0
006 - FIXED-LENGTH DATA ELEMENTS--ADDITIONAL MATERIAL CHARACTERISTICS
Πεδίο ελέγχου σταθερού μήκους a|||||r|||||||||||
008 - FIXED-LENGTH DATA ELEMENTS--GENERAL INFORMATION
Πεδίο ελέγχου σταθερού μήκους 251121s |||ao||| |||| 00| ||gre d
020 ## - ISBN
ISBN 9789881354761
040 ## - ΠΗΓΗ ΚΑΤΑΛΟΓΟΓΡΑΦΗΣΗΣ
Φορέας πρωτότυπης καταλογογράφησης MC Athens Campus Library
Γλώσσα καταλογογράφησης Ελληνικά, Μοντέρνα (1453-)
Modifying agency MC Athens Campus Library
Κανόνες περιγραφικής καταλογογράφησης AACR2
245 10 - ΤΙΤΛΟΣ ΚΑΙ ΔΗΛΩΣΗ ΥΠΕΥΘΥΝΟΤΗΤΑΣ
Τίτλος Fashionpedia:
Remainder of title the visual dictionary of fashion design/
Statement of responsibility, etc. Fashionary International Ltd
260 ## - PUBLICATION, DISTRIBUTION, ETC.
Place of publication, distribution, etc. Hong Kong:
Name of publisher, distributor, etc. Fashionary,
Date of publication, distribution, etc. 2021
300 ## - PHYSICAL DESCRIPTION
Extent 335 p.:
Other physical details ill;
Διαστάσεις 21 cm
520 ## - SUMMARY, ETC.
Summary, etc. FASHIONPEDIA is a comprehensive visual fashion dictionary that meticulously covers all technical terms related to style, material, and production. Filled with illustrations and infographics, it offers a wealth of extensive information while remaining incredibly easy to read and navigate. The book spans various essential categories, including History and Styles, Apparel, Detail, Accessories, Textile, Manufacturing, Body & Beauty, Measurement & Care. Whether you're an industry insider or a fashion enthusiast, FASHIONPEDIA is the ultimate reference you need to master the fashion landscape.
650 #0 - SUBJECT ADDED ENTRY--TOPICAL TERM
Topical term or geographic name entry element Fashion
9 (RLIN) 9926
650 #0 - SUBJECT ADDED ENTRY--TOPICAL TERM
Topical term or geographic name entry element Fashion design
9 (RLIN) 10081
942 ## - ADDED ENTRY ELEMENTS (KOHA)
Koha item type Books
Holdings
Τύπος τεκμηρίου Βιβλιοθήκη Τρέχουσα τοποθεσία Barcode Αριθμός εισαγωγής Ημερομηνία απόκτησης Ταξιθετικό σύμβολο Αριθμός αντιτύπου Κατάσταση απόσυρσης Κατάσταση χαμένου Κατάσταση κατεστραμμένου Μη δανεισμός Σύνολο δανεισμών Ημερομηνία τελευταίας εμφάνισης Η τιμή ισχύει από
Books MC Athens Campus Library MC Athens Campus Library 9780000099648 8004 21/11/2025 746.92 FAS 1       Συλλογή προσωπικού   21/11/2025 21/11/2025

MC Athens Campus Library
Πατησίων 94 & Κοδριγκτώνος 13, 104 34
Πελλήνης 8 & Πατησίων 107, 112 51
Τ: +30 210 8899600

MC Thessaloniki Campus Library
Ίωνος Δραγούμη 21, 54625 | Ίωνος Δραγούμη 15, 54625
Τ: +30 2310 287779 – Τ: +30 2314 440300